[Event "PUR-ch"]
[Site "Bayamon"]
[Date "2015.10.09"]
[Round "1"]
[White "Mejias Nunez, Rafael E"]
[Black "Rosario Salas, Jonatan"]
[Result "0-1"]
[WhiteElo "1479"]
[BlackElo "1901"]
[PlyCount "86"]
[EventDate "2015.10.09"]
[EventType "swiss"]
[EventRounds "9"]
[EventCountry "PUR"]
[SourceTitle "EXT 2017"]
[Source "ChessBase"]
[SourceDate "2016.10.25"]
[SourceVersion "1"]
[SourceVersionDate "2016.10.25"]
[SourceQuality "1"]

1. d4 Nf6 2. c4 e5 3. e3 exd4 4. exd4 d5 5. b3 Bf5 6. Bd3 Bb4+ 7. Bd2 Qe7+ 8. Be2 Nc6 9. Nf3 0-0-0 10. 0-0 Rhe8 11. Re1 Bg4 12. Bxb4 Qxb4 13. a3 Qd6 14. c5 Qf4 15. Qd2 Qxd2 16. Nbxd2 Bxf3 17. Nxf3 Re4 18. Bd3 Rf4 19. Ne5 Nxe5 20. dxe5 Nd7 21. Rac1 Re8 22. e6 Rxe6 23. Rxe6 fxe6 24. Bxh7 Nf6 25. Bd3 c6 26. f3 Nd7 27. b4 Kc7 28. Kf2 Ne5 29. Ke2 Nxd3 30. Kxd3 Rh4 31. h3 Kd7 32. Re1 b6 33. cxb6 axb6 34. Re5 Ke7 35. Re2 Kd6 36. Rc2 e5 37. Rb2 e4+ 38. fxe4 Rxe4 39. a4 c5 40. bxc5+ bxc5 41. Ra2 c4+ 42. Kc3 Re3+ 43. Kd4 Rd3# 0-1

[Event "PUR-ch"]
[Site "Bayamon"]
[Date "2013.06.01"]
[Round "7"]
[White "Rosario Salas, Jonatan"]
[Black "Otero Diaz, Octavio"]
[Result "1-0"]
[WhiteElo "1980"]
[BlackElo "1931"]
[PlyCount "135"]
[EventDate "2013.05.24"]
[EventType "swiss"]
[EventRounds "9"]
[EventCountry "PUR"]
[SourceTitle "CBM 154 Extra"]
[Source "ChessBase"]
[SourceDate "2013.06.25"]
[SourceVersion "2"]
[SourceVersionDate "2013.06.25"]
[SourceQuality "1"]

1. d4 Nc6 2. d5 Ne5 3. e4 d6 4. f4 Ng6 5. Nf3 e5 6. Bb5+ Bd7 7. Bxd7+ Qxd7 8. f5 N6e7 9. 0-0 Nf6 10. Qe2 g6 11. fxg6 Nxg6 12. Nxe5 Nxe5 13. Rxf6 Bg7 14. Rf1 Rg8 15. Nd2 0-0-0 16. c3 Bh8 17. Nf3 Rg4 18. Nxe5 dxe5 19. h3 Rg6 20. Kh1 Rdg8 21. Rf2 f6 22. Be3 Qa4 23. Bc5 Rg3 24. b3 Qd7 25. c4 R8g5 26. Be3 Rg6 27. Bd2 Bg7 28. Qh5 Bf8 29. Qf5 Qxf5 30. exf5 Rg8 31. b4 b6 32. Rc1 Rd3 33. Rc2 Rgg3 34. Re2 Rd4 35. Kh2 Rgd3 36. Be1 Rf4 37. Rf2 Re4 38. Rfe2 Red4 39. g4 Rf3 40. Bf2 Rdd3 41. c5 Rxh3+ 42. Kg2 bxc5 43. bxc5 Rc3 44. c6 a6 45. Rxc3 Rxc3 46. g5 Rd3 47. gxf6 Rxd5 48. Bg3 Bd6 49. f7 Kd8 50. Bh4+ Kc8 51. Bf6 Kb8 52. Bg7 e4 53. f8Q+ Bxf8 54. Bxf8 Rxf5 55. Be7 Re5 56. Bh4 Re6 57. Rb2+ Kc8 58. Rc2 e3 59. Kf1 e2+ 60. Rxe2 Rxc6 61. Re8+ Kb7 62. Re7 Rc1+ 63. Be1 Rc2 64. a4 h5 65. Rh7 Rc5 66. Ke2 Kc6 67. Bg3 Kb6 68. Bf2 1-0